000 01046cam a22003137a 4500
003 CHAP
005 20220329142445.0
008 010313d1960 us ad r 00010 eng d
010 _a83756
011 _a84728
035 _a95254
040 _cCHAP
082 0 4 _a581.1
_bM49
100 0 0 _aMeyer, Bernard Sandler.
_975284
245 1 0 _aIntroduction to plant physiology
_c/by Bernard Sandler Meyer, Donald B. Anderson and Richard H. Böhning
260 _aNew York, NY :
_bD. Van Nostrand,
_c1960
300 _a541 p.
_b: ilus. ; gráfs. ; tablas
590 _aBATCH-UPD
_b10
_c20130110
_lUCH01
_h1648
590 _aBATCH-UPD
_b10
_c20130410
_lUCH01
_h1037
590 _aBATCH-UPD
_b10
_c20130914
_lUCH01
_h0759
590 _aCONVERSION
_b10
_c20130109
_lUCH01
_h1347
650 1 4 _aFisiología vegetal.
_941136
700 0 _aAnderson, Donald B.
_95570
700 0 _aBöhning, Richard H.
_916513
901 _aBK
905 _aMarco A. Mendoza T.
942 _cLIBRO
949 _a581.1 M49
_bBC
_cLIBRO
_d33724000817334
_eLIBRO
_h26733
_i95254
_sb
_t$93.75
999 _c83756
_d83756